| 000 | 00000nam##2200000za#4500 |
| 001 | 9.699664 |
| 003 | CaOODSP |
| 005 | 20210625000500 |
| 007 | cr ||||||||||| |
| 008 | 150407|2008||||xxc|||||o f|0| 0 eng|d |
| 040 | |aCaOODSP|beng |
| 043 | |an-cn--- |
| 086 | 1 |aH128-1/08-535E-PDF |
| 110 | 1 |aCanada.|bHealth Canada. |bConsumer Product Safety. |
| 245 | 10|aBaby slings and carriers |h[electronic resource] |
| 260 | |aOttawa - Ontario : |bHealth Canada. |cc2008. |
| 300 | |a1p.|billus. |
| 500 | |aThe catalogue number (H128-1/08-535) and ISBN (978-0-662-05674-4) for the bilingual print edition have been incorrectly copied in this electronic publication. |
| 590 | |a14-14-Supp|b2014-07-24 |
| 690 | 07|aChild safety|2gcpds |
| 775 | 08|tPorte-bébés et porte-bébés en bandoulière |w(CaOODSP)9.643640 |
| 776 | 0#|tBaby slings and carriers |w(CaOODSP)9.670079 |
| 776 | 0#|tPorte-bébés et porte-bébés en bandoulière |w(CaOODSP)9.670080 |
| 856 | 40|ahttp://publications.gc.ca|qPDF|s111 KB|uhttps://publications.gc.ca/collections/collection_2014/sc-hc/H128-1-08-535-eng.pdf |
| 986 | |aPub: 4518 |